Ode to joy: The impact of enjoyment on pre-service teacher persistence (Record no. 194166)

MARC details
000 -LEADER
fixed length control field 01287nam a22001937a 4500
005 - DATE AND TIME OF LATEST TRANSACTION
control field 20250115152453.0
008 - FIXED-LENGTH DATA ELEMENTS--GENERAL INFORMATION
fixed length control field 250115b |||||||| |||| 00| 0 eng d
040 ## - CATALOGING SOURCE
Transcribing agency LDD
100 ## - MAIN ENTRY--PERSONAL NAME
Personal name Audrin, Catherine
245 ## - TITLE STATEMENT
Title Ode to joy: The impact of enjoyment on pre-service teacher persistence
260 ## - PUBLICATION, DISTRIBUTION, ETC.
Place of publication, distribution, etc. Elsevier, 2024
300 ## - PHYSICAL DESCRIPTION
Other physical details p. 1-10
490 ## - Journal
Journal An International Journal Of Research And Studies
Volume/sequential designation Vol. 137
500 ## - GENERAL NOTE
General note Persistence in teaching is a crucial matter all around the world, as teaching is related to a high level of attrition. In this paper, we are interested in how persistence in teaching may be predicted by 1) teacher emotions and 2) their self-perceived competence as well as the value placed on the teaching profession. Using self-reported questionnaires, we collected data on 655 pre-service teachers. Results revealed that value allowed to teaching and teaching self-perceived competence significantly predict emotions felt when teaching. Moreover, results highlight that value and enjoyment are positively related to the propensity to persist in teaching.
650 ## - SUBJECT ADDED ENTRY--TOPICAL TERM
Topical term or geographic name entry element Emotions
700 ## - ADDED ENTRY--PERSONAL NAME
Personal name Hascoet, Marine
856 ## - ELECTRONIC LOCATION AND ACCESS
Link text click here to access online
Uniform Resource Identifier <a href="https://www.sciencedirect.com/science/article/abs/pii/S0742051X23003943">https://www.sciencedirect.com/science/article/abs/pii/S0742051X23003943</a>
942 ## - ADDED ENTRY ELEMENTS (KOHA)
Source of classification or shelving scheme Dewey Decimal Classification
Koha item type Article
Holdings
Date last seen Total checkouts Price effective from Koha item type Lost status Source of classification or shelving scheme Damaged status Not for loan Withdrawn status Home library Current library Date acquired
01/15/2025   01/15/2025 Article   Dewey Decimal Classification       Library and Documentation Division NCERT Library and Documentation Division NCERT 01/15/2025